| 000 | 00656nam a22002177a 4500 | ||
|---|---|---|---|
| 005 | 20010101015952.0 | ||
| 008 | 010101b xxu||||| |||| 00| 0 eng d | ||
| 020 |
_a9780571118380 _c1199 |
||
| 040 | _aLoreto College | ||
| 041 | _aEnglish | ||
| 082 |
_a811.54 _bPLA |
||
| 100 |
_aPlath, Sylvia _d1932-1963 |
||
| 245 |
_aCollected poems _cSylvia Plath. Edited by Ted Hughes |
||
| 260 |
_aLondon _bFaber and Faber _c1981 |
||
| 300 |
_a351p _b25 cm |
||
| 504 | _aIncludes index of titles and first lines | ||
| 650 |
_aPoetry in Enlish _xAmerican Literature _yModern-20th Century |
||
| 700 |
_4ed. _aHughes, Ted _d1930-1998 |
||
| 850 | _aLCLIB | ||
| 942 | _cBK | ||
| 999 |
_c39972 _d90451 |
||